[Event "Batumi"]
[Site "Batumi GEO"]
[Date "2001.07.03"]
[EventDate "2001.06.26"]
[Round "7"]
[Result "1/2-1/2"]
[White "Baatr Shovunov"]
[Black "Anna Zatonskih"]
[WhiteElo "2367"]
[BlackElo "2421"]
[PlyCount "158"]

1. e4 e6 2. d4 d5 3. e5 c5 4. c3 Nc6 5. Nf3 Bd7 6. a3 c4 7. g3
Na5 8. Nbd2 Bc6 9. h4 Qd7 10. a4 Ne7 11. Bh3 Nc8 12. O-O Nb6
13. Ne1 h5 14. Ndf3 Bxa4 15. Qe2 Nb3 16. Rb1 Nxc1 17. Rxc1 g6
18. Ng5 Bh6 19. f4 O-O-O 20. Ra1 Kb8 21. Ng2 Bb3 22. Ne3 Qe7
23. Ra3 a6 24. Rfa1 Qe8 25. Rc1 Nc8 26. Nf1 Nb6 27. Nd2 Ba4
28. Ra2 Rc8 29. Ndf3 Rc7 30. Kf2 Nc8 31. Rh1 Bd7 32. Raa1 Rc6
33. g4 Ne7 34. Nh2 Rb6 35. Rab1 Ba4 36. Bg2 Qf8 37. Bf3 f6
38. exf6 Qxf6 39. Kg3 Ka7 40. Rhe1 Rf8 41. Qd2 Bd7 42. Re2 Nc8
43. Nh3 Nd6 44. Rbe1 hxg4 45. Bxg4 Ne4+ 46. Rxe4 dxe4 47. Rxe4
Rd6 48. Qe3 Ka8 49. Be2 Rc8 50. Ng4 Qf8 51. Ne5 Bc6 52. Nxc4
Bxe4 53. Nxd6 Qxd6 54. Qxe4 Rf8 55. Bg4 Rf6 56. Ng5 Bxg5
57. hxg5 Rf8 58. Bxe6 Qb6 59. Bg4 Qxb2 60. Bf3 Rh8 61. Kg4 Qb6
62. c4 Qc7 63. Kg3 Qh7 64. Kf2 Rf8 65. c5 Qh2+ 66. Ke3 Qg1+
67. Kd2 Qh2+ 68. Ke3 Qh7 69. c6 Qc7 70. Kd3 bxc6 71. Qxg6 Rxf4
72. Qxc6+ Qxc6 73. Bxc6+ Kb8 74. g6 Rg4 75. Be8 Kc7 76. Kc4
Kd6 77. Bf7 a5 78. Kb5 Rg5+ 79. d5 Rxg6 1/2-1/2

[Event "Batumi"]
[Site "Batumi GEO"]
[Date "2001.07.04"]
[EventDate "2001.06.26"]
[Round "8"]
[Result "0-1"]
[White "Anna Zatonskih"]
[Black "Levan Aroshidze"]
[WhiteElo "2421"]
[BlackElo "2315"]
[PlyCount "112"]

1. e4 c5 2. g3 Nc6 3. Bg2 g6 4. f4 Bg7 5. Nf3 e6 6. d3 Nge7
7. c3 O-O 8. O-O d6 9. Be3 b6 10. a4 Ba6 11. Bf2 Rc8 12. Na3
h6 13. g4 f5 14. gxf5 gxf5 15. exf5 Nxf5 16. Qb3 Qd7 17. Rfe1
Rce8 18. Rad1 Bb7 19. Nb5 Na5 20. Qa2 a6 21. Na3 Bd5 22. c4
Bc6 23. Nb1 Bxa4 24. Rd2 Nb3 25. Rde2 Nbd4 26. Nxd4 Nxd4
27. Bxd4 Bxd4+ 28. Kh1 Rxf4 29. Nc3 Bc6 30. Nd5 Rff8 31. Nc3
Bf2 32. Rf1 Bxg2+ 33. Kxg2 Qg7+ 34. Kh1 Bd4 35. Rfe1 Kh8
36. Ne4 Rg8 37. Ng3 Qb7+ 38. Rg2 Ref8 39. Qb1 Rf2 40. Re4 Rxg2
41. Kxg2 Qf7 42. Qc1 Qf2+ 43. Kh3 Qf6 44. Rh4 Kh7 45. b3 Be5
46. Qe3 Qg5 47. Qf3 Bxg3 48. hxg3 Qf5+ 49. Qxf5+ exf5 50. Kg2
Rg4 51. Rh1 f4 52. Kf3 Rxg3+ 53. Kxf4 Rxd3 54. Kf5 Rxb3
55. Re1 Rf3+ 56. Ke6 Rf4 0-1

[Event "Batumi"]
[Site "Batumi GEO"]
[Date "2001.07.05"]
[EventDate "2001.06.26"]
[Round "9"]
[Result "1/2-1/2"]
[White "Tamaz Mgeladze"]
[Black "Anna Zatonskih"]
[WhiteElo "2288"]
[BlackElo "2421"]
[PlyCount "208"]

1. Nf3 e6 2. c4 Nf6 3. b3 d5 4. Bb2 Be7 5. g3 O-O 6. Bg2 a5
7. O-O a4 8. d3 axb3 9. axb3 Rxa1 10. Bxa1 c5 11. e3 Nc6
12. Nc3 b6 13. Qe2 Bb7 14. Bb2 Re8 15. Rd1 Na5 16. Qc2 Qa8
17. Ne1 Rd8 18. Nb5 Qb8 19. f4 Nc6 20. Nf3 Nb4 21. Qe2 dxc4
22. bxc4 Qa8 23. Ra1 Qc8 24. Ra3 Ne8 25. Ne1 Bf6 26. Be5 Ba6
27. Na7 Qd7 28. Bxf6 Nxf6 29. Nc6 Nxc6 30. Rxa6 Rb8 31. Ra3 h6
32. g4 Nb4 33. h4 b5 34. g5 hxg5 35. hxg5 Nh7 36. cxb5 Qxb5
37. Nf3 Nd5 38. Ne5 f6 39. gxf6 Nhxf6 40. Nc4 Qe8 41. Ra1 Qg6
42. Re1 Ng4 43. Qf3 Ndf6 44. Rd1 Rd8 45. Qe2 Rd7 46. Rd2 Ra7
47. Rd1 Rd7 48. Rd2 Rd8 49. Rd1 Rb8 50. Qf3 Rf8 51. Qg3 Rd8
52. Bf1 Ra8 53. Be2 Ra2 54. Rd2 Ra1+ 55. Kg2 Qh5 56. Bd1 Qd5+
57. Qf3 Nh6 58. Ne5 Nf5 59. Kf2 Ra2 60. Rxa2 Qxa2+ 61. Be2 Qa7
62. Qc6 Qe7 63. Qa8+ Ne8 64. Qh1 Qa7 65. Ng6 Kf7 66. Qh5 Nf6
67. Ne5+ Kg8 68. Qf3 Ne7 69. Qh3 Nf5 70. Ng6 Kf7 71. Ne5+ Kg8
72. Qf3 Ne7 73. Qh1 Nf5 74. Qc6 Qe7 75. Qa8+ Ne8 76. Qh1 Nh6
77. Bh5 Nf6 78. Bd1 Nd5 79. Bb3 Qb7 80. Qd1 Qe7 81. Qh5 Qf6
82. Bxd5 exd5 83. Ng6 Kh7 84. Ne5 d4 85. Qh1 dxe3+ 86. Kxe3
Qe6 87. Qe4+ Kg8 88. Qc4 Nf5+ 89. Kf3 Nd4+ 90. Ke4 Qxc4
91. dxc4 Ne6 92. f5 Nd4 93. Nd3 Nb3 94. Kd5 Nd4 95. Ke5 Nb3
96. Kd6 Nd4 97. Ke5 Nb3 98. Kd5 Nd4 99. Ke4 Nb3 100. Kd5 Nd4
101. Ke5 Nb3 102. f6 gxf6+ 103. Kxf6 Na5 104. Nxc5 Nxc4
1/2-1/2

[Event "EuTChw"]
[Site "Leon ESP"]
[Date "2001.11.06"]
[EventDate "2001.11.06"]
[Round "1"]
[Result "1-0"]
[White "Anna Zatonskih"]
[Black "Monica Calzetta Ruiz"]
[WhiteElo "2419"]
[BlackElo "2303"]
[PlyCount "73"]

1. e4 c5 2. Nf3 Nc6 3. d4 cxd4 4. Nxd4 g6 5. c4 Nf6 6. Nc3 d6
7. Be2 Nxd4 8. Qxd4 Bg7 9. Be3 O-O 10. Qd2 Be6 11. O-O Qa5
12. Rab1 Rfc8 13. b3 a6 14. Rfc1 Bd7 15. f3 Bc6 16. Bf1 Rab8
17. a4 Qb4 18. g3 Nd7 19. Be2 Nc5 20. Nd5 Qxd2 21. Bxd2 Bd4+
22. Kg2 Re8 23. a5 e6 24. Nb4 d5 25. cxd5 exd5 26. Nxc6 bxc6
27. b4 Nd7 28. Bf4 Ra8 29. Rxc6 dxe4 30. fxe4 Rxe4 31. Bf3
Rae8 32. Bxe4 Rxe4 33. Kf3 f5 34. Rd1 g5 35. Rd6 g4+ 36. Kg2
Re2+ 37. Kh1 1-0

[Event "EuTChw"]
[Site "Leon ESP"]
[Date "2001.11.11"]
[EventDate "2001.11.06"]
[Round "6"]
[Result "0-1"]
[White "Ana Srebrnic"]
[Black "Anna Zatonskih"]
[WhiteElo "2172"]
[BlackElo "2419"]
[PlyCount "98"]

1. Nf3 e6 2. c4 Nf6 3. Nc3 c5 4. g3 b6 5. Bg2 Bb7 6. O-O Be7
7. Re1 d6 8. e4 a6 9. d4 cxd4 10. Nxd4 Qc7 11. Be3 Nbd7
12. Rc1 Rc8 13. b3 O-O 14. f4 Nc5 15. Bf2 Rfe8 16. Nc2 g6
17. Nb4 Qb8 18. Nd3 Qa8 19. Nxc5 bxc5 20. Bf3 Bf8 21. g4 Nd7
22. Kg2 Qb8 23. Qd2 Qc7 24. Red1 Nb8 25. Be3 Nc6 26. Qf2 Rcd8
27. Rd2 Bg7 28. Ne2 Kh8 29. Rdd1 f5 30. exf5 exf5 31. g5 Qe7
32. Bd2 Nd4 33. Nxd4 cxd4 34. Re1 Be4 35. Rcd1 Qb7 36. Bc1
Bxf3+ 37. Qxf3 Re4 38. Kg3 Rde8 39. Bd2 Qc6 40. Qd3 d5 41. Rc1
dxc4 42. Qxc4 Qd6 43. Qc6 Qxc6 44. Rxc6 Kg8 45. Kf2 Rxe1
46. Bxe1 d3 47. Bc3 Bd4+ 48. Kf1 Bxc3 49. Rxc3 d2 0-1

[Event "EuTChw"]
[Site "Leon ESP"]
[Date "2001.11.13"]
[EventDate "2001.11.06"]
[Round "7"]
[Result "0-1"]
[White "Tea Bosboom-Lanchava"]
[Black "Anna Zatonskih"]
[WhiteElo "2342"]
[BlackElo "2419"]
[PlyCount "72"]

1. d4 e6 2. c4 Nf6 3. Nc3 Bb4 4. f3 d5 5. a3 Bxc3+ 6. bxc3 c5
7. dxc5 Nbd7 8. cxd5 exd5 9. Qd4 O-O 10. Bf4 Re8 11. Bd6 Nf8
12. Qb4 Ne6 13. Kf2 b6 14. e3 Bb7 15. Bd3 Rc8 16. Ne2 bxc5
17. Qxb7 Qxd6 18. Rab1 Qe5 19. Bb5 Rc7 20. Qa6 Ree7 21. Ba4 c4
22. Rb8+ Nf8 23. e4 dxe4 24. f4 e3+ 25. Kg3 Ne4+ 26. Kf3 Qh5+
27. g4 Qh3+ 28. Ng3 Nd2+ 29. Ke2 Qxg4+ 30. Ke1 Nf3+ 31. Kd1
Qxf4 32. Ne2 Rcd7+ 33. Bxd7 Rxd7+ 34. Kc1 Qxb8 35. Qxc4 Rd2
36. Qb4 Qxb4 0-1

[Event "EuTChw"]
[Site "Leon ESP"]
[Date "2001.11.14"]
[EventDate "2001.11.06"]
[Round "8"]
[Result "1-0"]
[White "Harriet Hunt"]
[Black "Anna Zatonskih"]
[WhiteElo "2406"]
[BlackElo "2419"]
[PlyCount "99"]

1. e4 e6 2. d4 d5 3. Nd2 c5 4. exd5 Qxd5 5. Ngf3 cxd4 6. Bc4
Qd6 7. O-O Nf6 8. Nb3 Nc6 9. Nbxd4 Nxd4 10. Nxd4 a6 11. Re1
Qc7 12. Bb3 Bd7 13. Qf3 Bd6 14. h3 O-O-O 15. Be3 Qa5 16. c3
Bc7 17. Bc2 Qe5 18. g3 Qd5 19. Qe2 e5 20. c4 Qd6 21. c5 Qf8
22. c6 exd4 23. cxd7+ Rxd7 24. Bg5 Kb8 25. Bxf6 gxf6 26. Bf5
Rd8 27. Qc4 h5 28. h4 Rg8 29. Rad1 Bb6 30. Rd3 Re8 31. Rxe8+
Qxe8 32. Rb3 Ka7 33. Qb4 Qd8 34. a4 a5 35. Qc4 Qd6 36. Qxf7
Rf8 37. Qxh5 Qc6 38. Qf3 Qxa4 39. h5 Re8 40. h6 Qa1+ 41. Kg2
Qc1 42. h7 Qh6 43. Qf4 Qf8 44. Rb5 Rd8 45. Bd3 Qg7 46. Qd2 Rh8
47. b4 a4 48. Qa2 Rxh7 49. Qxa4+ Kb8 50. Rxb6 1-0

[Event "EuTChw"]
[Site "Leon ESP"]
[Date "2001.11.15"]
[EventDate "2001.11.06"]
[Round "9"]
[Result "1-0"]
[White "Monika (Bobrowska) Socko"]
[Black "Anna Zatonskih"]
[WhiteElo "2375"]
[BlackElo "2419"]
[PlyCount "69"]

1. d4 e6 2. c4 Nf6 3. Nc3 Bb4 4. Qc2 O-O 5. a3 Bxc3+ 6. Qxc3
b6 7. Bg5 Bb7 8. Nf3 d6 9. e3 Nbd7 10. Nd2 Rc8 11. f3 c5
12. dxc5 Rxc5 13. Bh4 d5 14. b4 Rc8 15. Qb2 Qc7 16. Bg3 e5
17. Be2 Ba6 18. b5 Bb7 19. O-O Rfe8 20. Rac1 Qc5 21. Bf2 e4
22. cxd5 Qxd5 23. Nxe4 Nxe4 24. fxe4 Qe6 25. Rxc8 Rxc8 26. Rc1
Re8 27. Rc7 Nc5 28. Qd4 Qg6 29. Bc4 Rf8 30. Rxf7 Qxf7
31. Bxf7+ Rxf7 32. Qd8+ Rf8 33. Qc7 h6 34. h3 Rf7 35. Qb8+ 1-0

[Event "FIDE WCh Women KO"]
[Site "Moscow RUS"]
[Date "2001.11.27"]
[EventDate "2001.11.27"]
[Round "1.1"]
[Result "0-1"]
[White "Li Ruofan"]
[Black "Anna Zatonskih"]
[WhiteElo "2341"]
[BlackElo "2419"]
[PlyCount "24"]

1. e4 e6 2. d4 d5 3. Nd2 c5 4. exd5 Qxd5 5. Ngf3 cxd4 6. Bc4
Qd6 7. Qe2 Nc6 8. Ne4 Qc7 9. O-O Nf6 10. Rd1 Bd6 11. h4 Bd7
12. Nxd4 Nxd4 0-1

[Event "FIDE WCh Women KO"]
[Site "Moscow RUS"]
[Date "2001.11.29"]
[EventDate "2001.11.27"]
[Round "2.1"]
[Result "1/2-1/2"]
[White "Anna Zatonskih"]
[Black "Nino Khurtsidze"]
[WhiteElo "2419"]
[BlackElo "2425"]
[PlyCount "27"]

1. e4 c5 2. Nf3 d6 3. d4 cxd4 4. Nxd4 Nf6 5. Nc3 Nc6 6. Be2 e5
7. Nb3 Be7 8. Be3 Be6 9. f3 d5 10. exd5 Nxd5 11. Nxd5 Qxd5
12. Qxd5 Bxd5 13. O-O-O O-O-O 14. c4 1/2-1/2

[Event "FIDE WCh Women KO"]
[Site "Moscow RUS"]
[Date "2001.11.30"]
[EventDate "2001.11.27"]
[Round "2.2"]
[Result "1-0"]
[White "Nino Khurtsidze"]
[Black "Anna Zatonskih"]
[WhiteElo "2425"]
[BlackElo "2419"]
[PlyCount "89"]

1. d4 e6 2. c4 Nf6 3. Nc3 Bb4 4. Qc2 O-O 5. a3 Bxc3+ 6. Qxc3
b6 7. Bg5 Bb7 8. e3 d6 9. f3 Nbd7 10. Bd3 Rc8 11. Ne2 c5
12. Qd2 d5 13. cxd5 exd5 14. O-O Ne4 15. fxe4 Qxg5 16. Rf5 Qh6
17. exd5 g6 18. Rf4 Bxd5 19. Nc3 Bb7 20. Raf1 cxd4 21. exd4 f5
22. Nb5 Nf6 23. Nxa7 Rcd8 24. Nb5 Rd7 25. Bc4+ Kh8 26. R4f2
Qg7 27. Re2 Ne4 28. Qb4 Rfd8 29. Be6 Re7 30. Qb3 Nd6 31. d5
Nxb5 32. Qxb5 Qd4+ 33. Kh1 Bxd5 34. Bxd5 Rxe2 35. Qxe2 Qxd5
36. h3 Qe4 37. Qf2 Qd4 38. Qc2 Qd3 39. Qc1 Qd2 40. Qc7 Qd6
41. Qf7 Rf8 42. Qb3 Re8 43. Rd1 Qe6 44. Qc3+ Qe5 45. Re1 1-0

[Event "Kaissa Open"]
[Site "Kharkov UKR"]
[Date "2002.01.22"]
[EventDate "2002.01.22"]
[Round "1"]
[Result "1-0"]
[White "Anna Zatonskih"]
[Black "Timofey Iljin"]
[WhiteElo "2413"]
[BlackElo "2064"]
[PlyCount "52"]

1. e4 d5 2. exd5 Qxd5 3. Nc3 Qa5 4. d4 Nf6 5. Nf3 Bf5 6. Bc4
e6 7. Bd2 c6 8. Qe2 Bb4 9. O-O-O Nbd7 10. Kb1 O-O-O 11. a3
Bxc3 12. Bxc3 Qc7 13. h3 Nd5 14. Bd2 h6 15. g3 Rhe8 16. Rhe1
Bxh3 17. Bxd5 cxd5 18. Bf4 Qb6 19. Rd3 Nb8 20. Rb3 Bg4
21. Rxb6 axb6 22. Qe5 Na6 23. Re3 Rd7 24. Qxg7 Bxf3 25. Rxf3
e5 26. Bxe5 f6 1-0

[Event "Kaissa Open"]
[Site "Kharkov UKR"]
[Date "2002.01.23"]
[EventDate "2002.01.22"]
[Round "2"]
[Result "0-1"]
[White "Nikolai Biriukov"]
[Black "Anna Zatonskih"]
[WhiteElo "2267"]
[BlackElo "2413"]
[PlyCount "74"]

1. d4 e6 2. Nf3 Nf6 3. c4 b6 4. Nc3 Bb4 5. e3 O-O 6. Bd3 Bb7
7. O-O d5 8. Ne2 dxc4 9. Bxc4 Nbd7 10. Ng3 Bd6 11. Qe2 c5
12. Rd1 Qe7 13. Ng5 h6 14. Nxe6 fxe6 15. Nf5 Bxh2+ 16. Kxh2
Qe8 17. Nd6 Qb8 18. dxc5 Nxc5 19. f4 Bd5 20. Bxd5 exd5 21. Nf5
Qe8 22. b4 Ncd7 23. Bb2 Qe6 24. Nd4 Qxe3 25. Qxe3 Ng4+ 26. Kg3
Nxe3 27. Rd3 Nc4 28. Bc3 Nf6 29. Ne6 Ne4+ 30. Kh2 Rf7 31. g4
Rc8 32. Bd4 Nf6 33. Rg1 Re8 34. f5 Nh7 35. Bc3 Ng5 36. Nxg5
hxg5 37. Rxd5 Re2+ 0-1

[Event "Kaissa Open"]
[Site "Kharkov UKR"]
[Date "2002.01.25"]
[EventDate "2002.01.22"]
[Round "4"]
[Result "1-0"]
[White "Anna Zatonskih"]
[Black "Eldar Gasanov"]
[WhiteElo "2413"]
[BlackElo "2454"]
[PlyCount "77"]

1. e4 c5 2. Nf3 Nc6 3. d4 cxd4 4. Nxd4 Qb6 5. Nb3 Nf6 6. Nc3
e6 7. a3 Be7 8. Bf4 O-O 9. Bd6 Ng4 10. Bg3 Nge5 11. f4 Ng6
12. Qd2 Rd8 13. O-O-O d6 14. h4 h6 15. Kb1 Bd7 16. Nb5 d5
17. h5 Nf8 18. Bf2 d4 19. N5xd4 Be8 20. Rh3 e5 21. Nxc6 Qxc6
22. Bd3 Ne6 23. fxe5 Rac8 24. Rg3 Kh7 25. c3 Bg5 26. Be3 Qc7
27. Bxg5 hxg5 28. Nd4 Qxe5 29. Nxe6 Qxg3 30. Nxd8 Rxd8 31. Qe2
Ba4 32. e5+ Kg8 33. Bh7+ Kxh7 34. Rxd8 Bc6 35. Qc2+ g6
36. hxg6+ fxg6 37. Qb3 Qe1+ 38. Rd1 Qe4+ 39. Ka2 1-0

[Event "Kaissa Open"]
[Site "Kharkov UKR"]
[Date "2002.01.26"]
[EventDate "2002.01.22"]
[Round "5"]
[Result "1-0"]
[White "Oleg V Ivanov"]
[Black "Anna Zatonskih"]
[WhiteElo "2350"]
[BlackElo "2413"]
[PlyCount "64"]

1. Nf3 Nf6 2. e3 g6 3. b3 Bg7 4. Bb2 O-O 5. Be2 c5 6. O-O d5
7. d4 Ne4 8. Nbd2 Nc6 9. c4 Nxd2 10. Qxd2 dxc4 11. bxc4 cxd4
12. exd4 b6 13. Rac1 Ba6 14. Bc3 Rc8 15. Rfd1 Rc7 16. d5 Nb8
17. Bb4 Re8 18. Qf4 Rc8 19. Ne5 Bxe5 20. Qxe5 Nd7 21. Qe3 Nf6
22. Qa3 Bb7 23. Qxa7 Ba8 24. Qa3 b5 25. cxb5 Rxc1 26. Qxc1
Bxd5 27. Bf1 Qa8 28. a3 Ne4 29. Qc7 e6 30. Rc1 Bb7 31. Qf4 e5
32. Qe3 Nf6 1-0

[Event "Kaissa Open"]
[Site "Kharkov UKR"]
[Date "2002.01.26"]
[EventDate "2002.01.22"]
[Round "5"]
[Result "1-0"]
[White "Oleg V Ivanov"]
[Black "Anna Zatonskih"]
[WhiteElo "2350"]
[BlackElo "2413"]
[PlyCount "72"]

1. e4 e6 2. d4 d5 3. Nc3 Nf6 4. e5 Nfd7 5. f4 c5 6. Nf3 Nc6
7. Be3 a6 8. Qd2 cxd4 9. Nxd4 Bc5 10. Nb3 Be7 11. Bd3 b5
12. Qf2 g6 13. O-O-O Qc7 14. Kb1 Bb7 15. Rhe1 Bb4 16. Bd2 Bxc3
17. Bxc3 b4 18. Bd2 a5 19. Be3 Ba6 20. Bxa6 Rxa6 21. Nc5 Ra8
22. Nxd7 Qxd7 23. Bc5 h5 24. g3 Rc8 25. h3 Nd8 26. g4 Qb5
27. Bd6 Kd7 28. f5 Kc6 29. fxg6 fxg6 30. Qf6 Rg8 31. Re3 Kb6
32. a3 Qc4 33. Qf2 d4 34. Red3 bxa3 35. Bxa3 Ka6 36. Rxd4 Qb5
1-0

[Event "Kaissa Open"]
[Site "Kharkov UKR"]
[Date "2002.01.27"]
[EventDate "2002.01.22"]
[Round "6"]
[Result "1/2-1/2"]
[White "Valery Shalimov"]
[Black "Anna Zatonskih"]
[WhiteElo "2452"]
[BlackElo "2413"]
[PlyCount "74"]

1. d4 e6 2. Nf3 Nf6 3. c4 b6 4. e3 Bb7 5. Bd3 d5 6. b3 Bd6
7. O-O Nbd7 8. Bb2 O-O 9. Nc3 a6 10. Qe2 Ne4 11. Rad1 f5
12. cxd5 exd5 13. Ne5 Nxe5 14. dxe5 Bxe5 15. Nxe4 fxe4
16. Bxe5 exd3 17. Qxd3 Qe7 18. f4 Rf7 19. Rf3 Qe6 20. Rg3 c5
21. Qc3 Qe7 22. b4 cxb4 23. Qd4 Rc8 24. Qxb6 Rc6 25. Qd4 Rc4
26. Qd3 a5 27. Rh3 h6 28. Rg3 Re4 29. Rc1 Qe6 30. Qb5 Rc4
31. Rd1 Rc2 32. Qxa5 d4 33. exd4 Rxg2+ 34. Rxg2 Bxg2 35. Rd3
Qc4 36. Kxg2 Qxd3 37. Qxb4 Qe3 1/2-1/2

[Event "Kaissa Open"]
[Site "Kharkov UKR"]
[Date "2002.01.28"]
[EventDate "2002.01.22"]
[Round "7"]
[Result "1-0"]
[White "Anna Zatonskih"]
[Black "Dmitry Fingerov"]
[WhiteElo "2413"]
[BlackElo "2410"]
[PlyCount "65"]

1. e4 e6 2. d4 d5 3. Nd2 Nf6 4. e5 Nfd7 5. c3 c5 6. Bd3 Nc6
7. Ne2 cxd4 8. cxd4 f6 9. exf6 Nxf6 10. f4 Bd6 11. O-O O-O
12. Nf3 Bd7 13. a3 Rc8 14. Ng3 Qc7 15. Ne2 Qb6 16. Kh1 Na5
17. b4 Nc4 18. Ng3 a5 19. bxa5 Qxa5 20. Qe2 Qc3 21. Rb1 b5
22. Ne5 Be8 23. Be3 Nxe3 24. Qxe3 Bxa3 25. f5 exf5 26. Ne2 Qc7
27. Bxf5 b4 28. Qh3 Rb8 29. Nf4 Bf7 30. Ne6 Qe7 31. Nxf8 Rxf8
32. Nxf7 Rxf7 33. Rbe1 1-0

[Event "Kaissa Open"]
[Site "Kharkov UKR"]
[Date "2002.01.29"]
[EventDate "2002.01.22"]
[Round "8"]
[Result "1-0"]
[White "Eduard Andreev"]
[Black "Anna Zatonskih"]
[WhiteElo "2441"]
[BlackElo "2413"]
[PlyCount "63"]

1. e4 e6 2. d4 d5 3. Nc3 dxe4 4. Nxe4 Nd7 5. Nf3 Ngf6 6. Bg5
h6 7. Nxf6+ Nxf6 8. Be3 Bd6 9. Bd3 a6 10. Qe2 b6 11. Ne5 Bb7
12. O-O-O Qe7 13. f4 b5 14. Rhe1 Bd5 15. Kb1 Nd7 16. Bf2 Bxe5
17. dxe5 O-O 18. g4 Nc5 19. Bxc5 Qxc5 20. g5 Bc4 21. gxh6 g6
22. h4 Rad8 23. h7+ Kh8 24. h5 Bxd3 25. Rxd3 Rxd3 26. Qxd3 Qd5
27. Qg3 Rd8 28. a3 Qd2 29. hxg6 fxg6 30. Rg1 Qe2 31. Qxg6 Rd1+
32. Rxd1 1-0

[Event "Kaissa Open"]
[Site "Kharkov UKR"]
[Date "2002.01.30"]
[EventDate "2002.01.22"]
[Round "9"]
[Result "0-1"]
[White "Anna Zatonskih"]
[Black "Viktor Dmitrenko"]
[WhiteElo "2413"]
[BlackElo "2324"]
[PlyCount "68"]

1. e4 e6 2. d4 d5 3. Nd2 Nf6 4. e5 Nfd7 5. c3 c5 6. Bd3 Nc6
7. Ne2 cxd4 8. cxd4 Qb6 9. Nf3 f6 10. exf6 Nxf6 11. O-O Bd6
12. Bd2 O-O 13. Bc3 Bd7 14. Ng3 Kh8 15. a3 Rae8 16. Bc2 e5
17. dxe5 Nxe5 18. Nd4 Neg4 19. Bf5 Bxf5 20. Ndxf5 Be5 21. h3
Bxc3 22. bxc3 Ne5 23. Rb1 Qc7 24. Ne3 Rd8 25. Qd4 b6 26. a4
Nc6 27. Qh4 Qe5 28. Rbd1 Qxc3 29. Ngf5 Ne5 30. Rc1 Qb2 31. Rc2
Qa3 32. Nxg7 Ng6 33. Qd4 Qe7 34. Ngf5 Qe5 0-1

[Event "Olympiad, women"]
[Site "Bled SLO"]
[Date "2002.10.26"]
[EventDate "2002.10.26"]
[Round "1"]
[Result "1/2-1/2"]
[White "Alejandra Guerrero Rodriguez"]
[Black "Anna Zatonskih"]
[WhiteElo "2020"]
[BlackElo "2421"]
[PlyCount "82"]

1. e4 e6 2. d4 d5 3. Nd2 c5 4. exd5 Qxd5 5. Ngf3 cxd4 6. Bc4
Qd6 7. O-O Nf6 8. Nb3 Nc6 9. Nbxd4 Nxd4 10. Nxd4 a6 11. Be3
Qc7 12. Bb3 Bd6 13. h3 Bd7 14. Re1 Bh2+ 15. Kh1 h5 16. Qf3 Be5
17. Rad1 Ng4 18. g3 O-O-O 19. Kg1 Nxe3 20. Qxe3 Bd6 21. Rd3
Kb8 22. Rc3 Qa5 23. Rd1 Bc7 24. Qf3 h4 25. g4 Qe5 26. Bc4 Ba4
27. Bxa6 Qd5 28. Qxd5 Rxd5 29. Bc4 Rd6 30. Rcd3 Rhd8 31. b3
Be8 32. Nf3 b5 33. Rxd6 Bxd6 34. Be2 Kc7 35. Nxh4 Ra8 36. a4
bxa4 37. bxa4 Bxa4 38. Ra1 Bc6 39. Rxa8 Bxa8 40. Bf3 Be7
41. Bxa8 Bxh4 1/2-1/2

[Event "Olympiad, women"]
[Site "Bled SLO"]
[Date "2002.10.28"]
[EventDate "2002.10.26"]
[Round "3"]
[Result "1-0"]
[White "Anna Zatonskih"]
[Black "Petra Schuurman"]
[WhiteElo "2421"]
[BlackElo "2274"]
[PlyCount "123"]

1. e4 c6 2. d4 d5 3. Nc3 dxe4 4. Nxe4 Bf5 5. Ng3 Bg6 6. N1e2
e6 7. Nf4 Qh4 8. Be3 Nd7 9. Qd2 Be7 10. Be2 Nh6 11. Ngh5 Bxh5
12. g3 Bxe2 13. gxh4 Bf3 14. Rg1 Nf5 15. Ne2 h6 16. O-O-O Nf6
17. Rdf1 Nd5 18. c4 Nf6 19. Nc3 b5 20. cxb5 cxb5 21. Nxb5 Kd7
22. Qa5 Rhc8+ 23. Kb1 a6 24. Na3 Nd5 25. Rc1 Rcb8 26. Nc4 Ke8
27. Ka1 Rb5 28. Qa4 Kf8 29. Ne5 Nb6 30. Qc2 Bd5 31. Qd2 Na4
32. Rc2 Be4 33. Rgc1 Bxc2 34. Rxc2 Kg8 35. h5 Rab8 36. Nc6 Bb4
37. Nxb4 Rxb4 38. b3 a5 39. d5 Nb6 40. dxe6 fxe6 41. Bc5 Nd5
42. Bxb4 axb4 43. Rc5 Nfe7 44. Qe2 Rb6 45. Kb2 Rd6 46. Rc4 Nf5
47. Qe1 Rb6 48. Rc8+ Kf7 49. Qc1 Rd6 50. Rc6 Rd7 51. Rc4 Rb7
52. Qe1 Rb6 53. h3 Kf6 54. Qg1 Ke7 55. Qg4 Kd6 56. Qg6 Ke5
57. Qg4 Kd6 58. Qe4 Rb7 59. Qc2 Rb6 60. Rc8 Kd7 61. Qc5 Nd6
62. Rc7+ 1-0

[Event "Olympiad, women"]
[Site "Bled SLO"]
[Date "2002.10.29"]
[EventDate "2002.10.26"]
[Round "4"]
[Result "0-1"]
[White "Anna Zatonskih"]
[Black "Petra Krupkova"]
[WhiteElo "2421"]
[BlackElo "2296"]
[PlyCount "62"]

1. e4 c5 2. Nf3 Nc6 3. d4 cxd4 4. Nxd4 Qc7 5. Nb5 Qb8 6. c4
Nf6 7. N1c3 a6 8. Na3 e6 9. Nc2 b5 10. cxb5 axb5 11. Nxb5 Nxe4
12. Be2 Ba6 13. a4 Be7 14. O-O d5 15. Be3 O-O 16. f3 Nd6
17. Nca3 Nf5 18. Bf2 Qe5 19. Bd3 Ne3 20. Bxe3 Qxe3+ 21. Kh1
Nb4 22. Bb1 Rfc8 23. Re1 Qf4 24. Qb3 g6 25. Rd1 Rab8 26. g3
Qe5 27. Kg2 Qe2+ 28. Kh3 Bf6 29. Bxg6 hxg6 30. Qxb4 Kg7
31. Kg4 Bxb2 0-1

[Event "Olympiad, women"]
[Site "Bled SLO"]
[Date "2002.10.31"]
[EventDate "2002.10.26"]
[Round "6"]
[Result "1-0"]
[White "Dana Aketayeva"]
[Black "Anna Zatonskih"]
[WhiteElo "2127"]
[BlackElo "2421"]
[PlyCount "123"]

1. e4 e6 2. d4 d5 3. Nc3 Nf6 4. Bg5 dxe4 5. Nxe4 Be7 6. Bxf6
Bxf6 7. Nf3 Nd7 8. Bc4 a6 9. Qe2 b5 10. Bb3 O-O 11. O-O Bb7
12. c3 Be7 13. Rfd1 Nf6 14. Nxf6+ Bxf6 15. Ne5 Qd6 16. Nd3 Qc6
17. f3 Rad8 18. Nc5 Ba8 19. a4 Be7 20. axb5 axb5 21. Ra6 Qe8
22. Ne4 Bd5 23. Bc2 Ra8 24. Rxa8 Bxa8 25. b4 Bd5 26. Ra1 Qb8
27. Nc5 Rd8 28. Be4 Bd6 29. Qc2 g6 30. g3 c6 31. Kg2 Qc7
32. Ra6 e5 33. Bxd5 cxd5 34. Qa2 exd4 35. cxd4 Bf8 36. Qe2 Bg7
37. Qd3 Qe7 38. Ra2 Qe1 39. Qd2 Qxd2+ 40. Rxd2 Ra8 41. Kf2 Ra3
42. Ke2 Rc3 43. Na6 Rc4 44. Ke3 Kf8 45. Nc5 Rxb4 46. Nd7+ Ke7
47. Ne5 Rb3+ 48. Ke2 Ke6 49. f4 g5 50. Ra2 gxf4 51. gxf4 Bh6
52. Ra6+ Kf5 53. Rxh6 Kxf4 54. Rh4+ Kg5 55. Rxh7 f6 56. Nd3
Ra3 57. Rd7 Kf5 58. Ke3 Ke6 59. Rb7 Ra2 60. h3 Rh2 61. Nf4+
Kf5 62. Rxb5 1-0

[Event "Olympiad, women"]
[Site "Bled SLO"]
[Date "2002.11.01"]
[EventDate "2002.10.26"]
[Round "7"]
[Result "1/2-1/2"]
[White "Anna Zatonskih"]
[Black "Marisa Zuriel"]
[WhiteElo "2421"]
[BlackElo "2229"]
[PlyCount "45"]

1. e4 c5 2. Nf3 d6 3. d4 cxd4 4. Nxd4 Nf6 5. Nc3 a6 6. Be2 e6
7. a4 Nc6 8. O-O Be7 9. Be3 O-O 10. Kh1 Qc7 11. f4 Re8 12. Qe1
Nxd4 13. Bxd4 e5 14. fxe5 dxe5 15. Qg3 Bd8 16. Be3 Kh8 17. Bg5
Be6 18. Qh4 Ng8 19. Bxd8 Raxd8 20. Bd3 Qe7 21. Qh5 f6 22. Qe2
Qb4 23. Nd1 1/2-1/2

[Event "22nd NAO"]
[Site "Stillwater, OK USA"]
[Date "2003.??.??"]
[EventDate "2003.??.??"]
[Round "4"]
[Result "1-0"]
[White "Anna Zatonskih"]
[Black "Thomas Amburn"]
[WhiteElo "2420"]
[BlackElo "2150"]
[PlyCount "89"]

1.e4 e5 2.Nf3 Nc6 3.Bb5 a6 4.Ba4 Nf6 5.O-O Be7 6.Re1 b5 7.Bb3
d6 8.c3 O-O 9.h3 Nb8 10.d3 h6 11.Nbd2 Re8 12.Nf1 Bf8 13.Ng3 g6
14.Bd2 Re7 15.a4 Bb7 16.Nh4 Kh7 17.Qf3 Rd7 18.Qe2 c5 19.Nf3
Re7 20.Bc2 Nbd7 21.d4 Qb6 22.d5 c4 23.Be3 Qc7 24.Nh2 Ree8
25.Qd2 Bg7 26.Ng4 Ng8 27.Rf1 Rf8 28.f4 f6 29.f5 g5 30.Kf2 Ne7
31.Rh1 Rh8 32.h4 Kg8 33.hxg5 hxg5 34.Rxh8+ Bxh8 35.Bxg5 Kf7
36. Be3 Bg7 37.Rh1 Rh8 38.Rxh8 Bxh8 39.Qd1 Qd8 40.Qh1 Bg7
41.Qh5+ Kf8 42.Qh7 Ng8 43.Nh5 Qe7 44.axb5 axb5 45.Nh2 1-0

[Event "22nd NAO"]
[Site "Stillwater, OK USA"]
[Date "2003.??.??"]
[EventDate "2003.??.??"]
[Round "6"]
[Result "1/2-1/2"]
[White "Michael Langer"]
[Black "Anna Zatonskih"]
[WhiteElo "2265"]
[BlackElo "2420"]
[PlyCount "50"]

1.e4 e6 2.d4 d5 3.Nd2 dxe4 4.Nxe4 Nd7 5.Nf3 Ngf6 6.Nxf6+ Nxf6
7.c3 Be7 8. Ne5 O-O 9.Bd3 c5 10.dxc5 Qd5 11.Qe2 Qxg2 12.Rf1
Bxc5 13.h4 Qd5 14.Bg5 Nd7 15.Nxd7 Qxd7 16.Bf6 g6 17.O-O-O Qa4
18.Kb1 e5 19.Qxe5 Be6 20.Qxc5 Bxa2+ 21.Ka1 Bb3+ 22.Kb1 Ba2+
23.Ka1 Bb3+ 24.Kb1 Qa2+ 25.Kc1 Qa1+ 1/2-1/2